| 000 | 00370nam a22001577a 4500 | ||
|---|---|---|---|
| 999 |
_c145217 _d145217 |
||
| 020 | _a9789387187375 | ||
| 082 |
_aH1 _bURM/D |
||
| 100 | _aUrmila Jain | ||
| 245 |
_aDeh se pare/ _cby Urmila Jain |
||
| 260 |
_aDelhi: _bNayi Kithab Prakashan, _c2018. |
||
| 300 | _a96p. | ||
| 650 | _aPoetry Hindi | ||
| 650 | _aLiterature Hindi | ||
| 650 | _aLiterature | ||
| 942 | _cBK | ||